Responses for Show #5148 - Wednesday, January 17, 2007

Contestants

[<< previous game]

Al Cadena, a senior website producer from Pasadena, California

Jim Eddy, a woodworker from Mount Pleasant, Michigan

Greg Williams, a lecturer from Philadelphia, Pennsylvania (whose 1-day cash winnings total $13,400)

[next game >>]

Jeopardy! Round responses

LANDMARKS
TV FINALES
(Alex: You have to name the show whose final episode we describe.)
MANNA FEST
KIDNAPPED
PLURALS
ON THE RAILS
    $200 11
(Alex: And that is the famous [*]. Don't overcomplicate it, guys.)

St. Peter's Square

Triple Stumper
    $200 1
St. Elsewhere

Al
    $200 6
Exodus

Greg
    $200 25
(Al: What is CNN?)

Fox News Channel

Al
Triple Stumper
    $200 15
nothing

Al
    $200 21
coal

Greg
    $400 12
the Taj Mahal

Greg
    $400 2
The Mary Tyler Moore Show

Al
    $400 7
(Jim: What is Sunday?)

the Sabbath (Saturday)

GregJim
    $400 26
Patricia Hearst

Al
    $400 16
(1 of) foot or tooth

Triple Stumper
    $400 22
Eisenhower

Al
    $600 13
(Al: What is Lake Michigan?)

Lake Erie

Al
Triple Stumper
    $600 3
M*A*S*H

Jim
    $300 8
honey

Greg
    $600 27
(Greg: What's Montreal?)
...
[The end-of-round signal sounds.]

Quebec

GregAl
    $600 18
dwarfs or dwarves

Triple Stumper
    $600 23
electricity

Jim
    $800 14
a clock tower

Triple Stumper
    $800 4
The Fugitive

Jim
    $800 9
(the Book of) Psalms

Al
    $800 19
(Al: [*]? What is [*]?)

Attorneys General

Al
    $800 24
John Bull

Greg
    $1000 17
(Al: What is the Christ statue?)
(Alex: Give me a little more. It's known by a different name--it's known by, uh, more than that.)
(Al: Uh, what is [*]?)
(Alex: That's it!)

the Christ the Redeemer Statue

Al
    $1000 5
Six Feet Under

Jim
    $1000 10
(Greg: What is Revelations?)
(Alex: Yes--no, sorry!)
...
(Alex: I'll tell you why, Greg--you put an "S" on the end of it. It's not "Revelations", it's the Book of [*].)

Revelation

Greg
Triple Stumper
    $1000 20
"im"

Greg

Scores at the first commercial break (after clue 14):

Greg Jim Al
$300 $2,000 $800

Scores at the end of the Jeopardy! Round:

Greg Jim Al
$1,700 $2,600 $4,000

Double Jeopardy! Round responses

WOMEN AUTHORS
RETIRED JERSEYS
(Alex: You have to identify the team that has honored the players we name.)
MUTILATED ART
FEAR
AND "LO" THING
IN LAS VEGAS
    $400 22
Agatha Christie

Greg
    $400 16
(Al: ...What is 49?)

the New York Jets

GregAl
    $400 11
the Pieta

Greg
    $400 1
birds

Al
    $400 6
(Jim: What is a shylock?)
[Initially ruled incorrect; reversed at the Daily Double at clue 21, with Alex explaining that since he had not specified that each correct response would begin with "L-O", "shylock" was an acceptable response]

a loan shark

GregJim
    $400 17
(Al: What is a brunch?)

a buffet

GregAl
    $800 23
Ayn Rand

Al
    $800 12
the Venus de Milo

Al
    $800 2
snakes (or reptiles)

Jim
    $800 7
loaves

Jim
    $800 18
the MGM Grand

Al
    $1200 24
Erica Jong

Greg
    $1200 13
Auguste Rodin

Al
    $1200 3
(Greg: What's ice?)

snow

GregJim
    $1200 8
a lotus

Greg
    $1200 19
Los Angeles

Triple Stumper
    $1600 25
Anais Nin

Triple Stumper
    $1600 14
Perseus

Greg
    $2,000 4
(Jim: What are words?)

knowledge

Jim
    $1600 9
a locust

Jim
    $1600 20
Steve Wynn

Al
    $2000 26
[The end-of-round signal sounds.]

Faye Kellerman

Triple Stumper
    $2000 15
Samothrace

Jim
    $2000 5
(Greg: What's alone--loneliness?)

being alone

Greg
Triple Stumper
    $2000 10
a lozenge

Al
    $1,500 21
(Al: What is...)

the Four Queens

Al

Scores at the end of the Double Jeopardy! Round:

Greg Jim Al
$4,500 $7,400 $9,300

[wagering suggestions for these scores]

Final Jeopardy! Round responses

18th CENTURY AMERICANS
(Alex: This goes back to the 1700s, and it was part of the "Sinners in the Hand of an Angry God" speech.)
GregWho is Jonathan Edwards?
$4,400
JimWho is Jonathan Edwards?
$1,601
AlWho is Jonathan Edwards?
$5,501
Jonathan Edwards

Final scores:

Greg Jim Al
$8,900 $9,001 $14,801
3rd place: $1,000 2nd place: $2,000 New champion: $14,801

Game dynamics:

Coryat scores:

Greg Jim Al
$4,800 $9,400 $10,800
15 R
(including 1 DD),
4 W
10 R,
2 W
(including 1 DD)
16 R,
5 W
(including 1 DD)

Combined Coryat: $25,000

[game clues] [game scores] [suggest correction]

Game tape date: 2006-11-14
The J! Archive is created by fans, for fans. Scraping, republication, monetization, and malicious use prohibited; this site may use cookies and collect identifying information. See terms. The Jeopardy! game show and all elements thereof, including but not limited to copyright and trademark thereto, are the property of Jeopardy Productions, Inc. and are protected under law. This website is not affiliated with, sponsored by, or operated by Jeopardy Productions, Inc. Join the discussion at JBoard.tv.